00444nam a2200157Ia 4500008004100000020001500041041001200056082001600068100001600084245010200100250000800202260003700210300000800247650001300255700001800268221030s9999 xx 000 0 und d a8125909451 aEnglish a105.23bKum aK. M. Kumar 0aBasic Electrical, Electronics Computer & Communication Engineeringcby K. M. Kumar, V. Jaganathan a2nd bVikas Pub HouseaNew Delhic2000 a398 aECE & EE aV. Jaganathan